Odstupné v obchodných vzťahoch

Inštitút odstupného upravuje ustanovenie par. 355 Obchodného zákonníka. Náležitosti dojednania o odstupnom. Právna forma dojednania odstupného. Podmienky zrušenia obchodnej zmluvy. Oprávnenie zrušiť zmluvu zaplatením odstupného. Odstupné a dane z príjmov.

Na minha lista:
Detalhes bibliográficos
Autor principal: Fekete, Imrich
Formato: Capítulo de Livro
Idioma:eslovaco
Assuntos:
Tags: Adicionar Tag
Sem tags, seja o primeiro a adicionar uma tag!

MARC

LEADER 00000naa a2200000 4500
001 r035347
005 20230911130426.6
041 0 |a slo 
044 |a SK 
245 1 0 |a Odstupné v obchodných vzťahoch  |c Imrich Fekete 
520 |a Inštitút odstupného upravuje ustanovenie par. 355 Obchodného zákonníka. Náležitosti dojednania o odstupnom. Právna forma dojednania odstupného. Podmienky zrušenia obchodnej zmluvy. Oprávnenie zrušiť zmluvu zaplatením odstupného. Odstupné a dane z príjmov. 
610 2 0 |a zmluvy obchodné 
610 2 0 |a odstupné 
610 2 0 |a záväzky 
610 2 0 |a zákonník obchodný 
610 2 0 |a dane z príjmov 
610 2 0 |a zákony 
610 2 0 |a Slovensko 
100 1 |a Fekete, Imrich